header

Development (Record no. 261218)

MARC details
000 -LEADER
fixed length control field 00251nam a22001097a 4500
020 ## - INTERNATIONAL STANDARD BOOK NUMBER
ISBN 017424536
100 ## - MAIN ENTRY--AUTHOR NAME
Personal name John Jackman Wendy Wren
245 ## - TITLE STATEMENT
Title Development
260 ## - PUBLICATION, DISTRIBUTION, ETC. (IMPRINT)
Place of publication London
Name of publisher Thomas Nelson And Sons Ltd
Year of publication 1995
300 ## - PHYSICAL DESCRIPTION
Number of Pages 96 pgs
942 ## - ADDED ENTRY ELEMENTS (KOHA)
Koha item type Long Loan Books
Holdings
Withdrawn status Lost status Collection code Home library Current library Shelving location Date acquired Accession Number Koha item type
    Fiction Rongo University Library Rongo University Library Children's Area 31/10/2023 CL4582021 Long Loan Books

© 2026 Rongo University
Contact us: librarian | system librarian | Rongo university